Normal view
MARC view
Entry Topical Term
001 - CONTROL NUMBER
- control field: 1296
003 - CONTROL NUMBER IDENTIFIER
- control field: BD-RjUL
005 - DATE AND TIME OF LATEST TRANSACTION
- control field: 20220214095505.0
008 - FIXED-LENGTH DATA ELEMENTS
- fixed length control field: 220214|| aca||aabn | a|a d
040 ## - CATALOGING SOURCE
- Original cataloging agency: BD-RjUL
- Transcribing agency: BD-RjUL
150 ## - HEADING--TOPICAL TERM
- Topical term or geographic name entry element: Democracy
- Form subdivision: Political Parties
- Geographic subdivision: Bangladesh
670 ## - SOURCE DATA FOUND
- Source citation: Work cat.: (BD-RjUL)79366: Azad, Mohammad Abul Kalam 1295, Practice of Democracy in Political Parties :, 2010